Education in emerging Indian society / (Record no. 52862)

MARC details
000 -LEADER
fixed length control field 00928nam a22002897a 4500
005 - DATE AND TIME OF LATEST TRANSACTION
control field 20110614100934.0
008 - FIXED-LENGTH DATA ELEMENTS--GENERAL INFORMATION
fixed length control field 110614t xxu||||| |||| 00| 0 eng d
010 ## - LCCN (DPL NO)
LC control number ENG-102596
020 ## - INTERNATIONAL STANDARD BOOK NUMBER
International Standard Book Number 817197178x
Terms of availability 600.00
035 ## - SYSTEM CONTROL NUMBER
System control number EN-86129
037 ## - SOURCE OF ACQUISITION
Source of stock number/acquisition DBAD / PUB
040 ## - CATALOGING SOURCE
Original cataloging agency dpl
Language of cataloging English
082 ## - DEWEY DECIMAL CLASSIFICATION NUMBER
Classification number 370.954
100 ## - MAIN ENTRY--PERSONAL NAME
9 (RLIN) 28493
Personal name Thakur, A. S.
110 ## - MAIN ENTRY--CORPORATE NAME
9 (RLIN) 28532
245 ## - TITLE STATEMENT
Title Education in emerging Indian society /
Statement of responsibility, etc by A. S. Thakur [and] Sandeep Berwal
260 ## - PUBLICATION, DISTRIBUTION, ETC. (IMPRINT)
Place of publication, distribution, etc Noida
Name of publisher, distributor, etc Mayur Paperbacks
Date of publication, distribution, etc 2007
270 ## - ADDRESS
Address A-95, Sector -5
City Noida
Postal code 201301
300 ## - PHYSICAL DESCRIPTION
Extent xvi,568 p.
Dimensions 22cm (pbk)
610 ## - SUBJECT ADDED ENTRY--CORPORATE NAME
9 (RLIN) 28529
650 ## - SUBJECT ADDED ENTRY--TOPICAL TERM
9 (RLIN) 28580
651 ## - SUBJECT ADDED ENTRY--GEOGRAPHIC NAME
9 (RLIN) 28530
700 ## - ADDED ENTRY--PERSONAL NAME
9 (RLIN) 28520
Personal name Berwal, Sandeep
710 ## - ADDED ENTRY--CORPORATE NAME
9 (RLIN) 28535
942 ## - ADDED ENTRY ELEMENTS (KOHA)
Source of classification or shelving scheme Dewey Decimal Classification
Item type English Books
Call number suffix THA
Classification part 370.954
Holdings
Withdrawn status Lost status Source of classification or shelving scheme Damaged status Not for loan Collection code Home library Current library Date acquired Source of acquisition Cost, normal purchase price Total Checkouts Full call number Barcode Date last seen Copy number Cost, replacement price Koha item type
    Dewey Decimal Classification   Not For Loan Non-fiction D.B.Act.Division D.B.Act.Division 14/06/2011 DBAD/PUB 600.00   370.954 THA EN-86129 14/06/2011 1 600.00 English Books

© Delhi Public Library
Hit Counter
free hit counter